| 000 | 00562nam a2200181 i 4500 | ||
|---|---|---|---|
| 001 | 36160 | ||
| 003 | ES-MaACL | ||
| 005 | 20260504130822.0 | ||
| 007 | t| | ||
| 008 | 030217s1969 sp ||||1| spa d | ||
| 100 |
_aBreton, André, _d1896-1966 _9239133 |
||
| 245 | 1 | 0 |
_aManifiestos del surrealismo / _cAndré Bretón ; [lo tradujo Andrés Bosch]. |
| 260 |
_aMadrid : _bGuadarrama, _c[1969] |
||
| 300 |
_a338 p. ; _c18 cm. |
||
| 700 | 1 |
_aBosch, Andrés, _d1926-1984 _9160182 |
|
| 852 |
_aES-MaACL _jC-35329 _bR.69110 |
||
| 999 |
_c36160 _d36160 |
||